| Tag |
First Indicator |
Second Indicator |
Subfields |
| LEADER |
00000cam a22000001a 4500 |
| 001 |
in00003051608 |
| 005 |
20190402184103.0 |
| 006 |
m o d |
| 007 |
cr un mmmapmmp |
| 008 |
070723s1912 dcud o f000 0 eng d |
| 035 |
|
|
|a cis2004146508
|
| 040 |
|
|
|a UMI
|c UMI
|d UtOrBLW
|
| 043 |
|
|
|a n-us---
|
| 099 |
|
|
|a ProQuest Serial Set Number 6503 H.doc.1179
|
| 110 |
1 |
|
|a United States.
|b Congress.
|b House.
|b Committee on Expenditures in the Treasury Department.
|
| 245 |
1 |
0 |
|a Letter from the Secretary of the Treasury, transmitting an abstract of the official emoluments of the officers of the customs service received by them during the fiscal year ended June 30, 1912.
|
| 246 |
1 |
|
|a Emoluments of customs officers, 1912
|
| 264 |
|
1 |
|a Washington :
|b [publisher not identified],
|c 1912.
|
| 300 |
|
|
|a 1 online resource.
|
| 336 |
|
|
|a text
|b txt
|2 rdacontent
|
| 337 |
|
|
|a computer
|b c
|2 rdamedia
|
| 338 |
|
|
|a online resource
|b cr
|2 rdacarrier
|
| 490 |
0 |
|
|a H.doc.1179
|
| 500 |
|
|
|a Record is based on bibliographic data in ProQuest U.S. Serial Set Digital Collection (last viewed July 2007). Reuse except for individual research requires license from ProQuest, LLC.
|
| 510 |
3 |
|
|a ProQuest U.S. Serial Set Digital Collection
|
| 500 |
|
|
|a Electronic resource.
|
| 650 |
|
0 |
|a Customs administration.
|
| 651 |
|
0 |
|a United States
|x Officials and employees
|x Salaries, etc.
|
| 655 |
|
7 |
|a Electronic books.
|2 local
|
| 710 |
2 |
|
|a ProQuest (Firm)
|
| 830 |
|
0 |
|a United States congressional serial set.
|
| 856 |
4 |
0 |
|u http://proxy.library.tamu.edu/login?url=http://congressional.proquest.com/congcomp/getdoc?SERIAL-SET-ID=6503+H.doc.1179
|z Connect to the full text of this electronic book
|t 0
|
| 999 |
|
|
|a MARS
|
| 999 |
f |
f |
|s d07d212a-c2e7-3fdd-b9a1-08bb4048ef74
|i 2d9ee6f7-e2d1-33f0-a2e5-418d52e8f598
|t 0
|
| 952 |
f |
f |
|a Texas A&M University
|b College Station
|c Electronic Resources
|d Available Online
|t 0
|e ProQuest Serial Set Number 6503 H.doc.1179
|h Other scheme
|
| 998 |
f |
f |
|a ProQuest Serial Set Number 6503 H.doc.1179
|t 0
|l Available Online
|